01459nam a22003614a 4500001001200000003000800012006001900020007001500039008004100054010001700095020002800112020003500140040002100175035002100196050002200217082001200239245017300251260005900424300001500483490004500498504005100543533015200594650002500746650002400771650002200795655002900817700002800846700002100874710001700895830004200912856012600954999001701080ebr10312477CaPaEBRm u cr cn|||||||||020327s2003 nju sb 001 0 eng  z 2002024306 z0691099928 (alk. paper) z0691099936 (pbk. : alk. paper) aCaPaEBRcCaPaEBR a(OCoLC)43607652214aBJ69b.M26 2003eb04a17022104aThe many and the oneh[electronic resource] :breligious and secular perspectives on ethical pluralism in the modern world /cedited by Richard Madsen, Tracy B. Strong. aPrinceton, N.J. :bPrinceton University Press,cc2003. avi, 372 p.1 aThe Ethikon series in comparative ethics aIncludes bibliographical references and index. aElectronic reproduction.bPalo Alto, Calif. :cebrary,d2013.nAvailable via World Wide Web.nAccess may be limited to ebrary affiliated libraries. 0aEthics, Comparative. 0aEthical relativism. 0aReligious ethics. 7aElectronic books.2local1 aMadsen, Richard,d1941-1 aStrong, Tracy B.2 aebrary, Inc. 0aEthikon series in comparative ethics.40uhttp://site.ebrary.com/lib/rucke/Doc?id=10312477zAn electronic book accessible through the World Wide Web; click to view c63259d63259